[Event "World Cup 2023 Open"]
[Site "Baku, Azerbaijan"]
[Date "????.??.??"]
[Round "18.24"]
[White "Bjerre Jonas Buhl (DEN)"]
[Black "Guseinov Gadir (AZE)"]
[Result "1/2-1/2"]
[WhiteFideId "1444948"]
[BlackFideId "13401378"]
[WhiteElo "2624"]
[BlackElo "2661"]

1. e4 {[%clk 00:05:04]} {[%emt 00:00:02]} c5 {[%clk 00:04:59]} {[%emt
00:00:08]} 2. Nf3 {[%clk 00:05:06]} {[%emt 00:00:01]} Nc6 {[%clk 00:04:56]}
{[%emt 00:00:05]} 3. d4 {[%clk 00:05:04]} {[%emt 00:00:05]} cxd4 {[%clk
00:04:55]} {[%emt 00:00:04]} 4. Nxd4 {[%clk 00:05:06]} {[%emt 00:00:01]} Nf6
{[%clk 00:04:56]} {[%emt 00:00:02]} 5. Nc3 {[%clk 00:05:07]} {[%emt 00:00:01]}
e6 {[%clk 00:04:58]} {[%emt 00:00:01]} 6. a3 {[%clk 00:05:10]} Be7 {[%clk
00:04:52]} {[%emt 00:00:09]} 7. Nxc6 {[%clk 00:04:35]} {[%emt 00:00:38]} bxc6
{[%clk 00:04:48]} {[%emt 00:00:06]} 8. e5 {[%clk 00:04:37]} Nd5 {[%clk
00:04:50]} {[%emt 00:00:02]} 9. Ne4 {[%clk 00:04:38]} {[%emt 00:00:02]} Qc7
{[%clk 00:03:06]} {[%emt 00:01:47]} 10. f4 {[%clk 00:04:41]} {[%emt 00:00:01]}
Qb6 {[%clk 00:03:08]} {[%emt 00:00:01]} 11. c4 {[%clk 00:04:36]} {[%emt
00:00:07]} Ne3 {[%clk 00:03:02]} {[%emt 00:00:09]} 12. Qd3 {[%clk 00:04:34]}
{[%emt 00:00:05]} Nf5 {[%clk 00:03:04]} 13. b4 {[%clk 00:02:58]} {[%emt
00:01:39]} a5 {[%clk 00:02:24]} {[%emt 00:00:43]} 14. c5 {[%clk 00:02:59]}
{[%emt 00:00:02]} Qb8 {[%clk 00:02:12]} {[%emt 00:00:15]} 15. Rb1 {[%clk
00:02:43]} {[%emt 00:00:19]} Ba6 {[%clk 00:02:12]} {[%emt 00:00:03]} 16. Qc3
{[%clk 00:02:29]} {[%emt 00:00:17]} Bxf1 {[%clk 00:02:11]} {[%emt 00:00:04]} 17.
Rxf1 {[%clk 00:02:21]} {[%emt 00:00:10]} h5 {[%clk 00:02:14]} 18. Kf2 {[%clk
00:02:05]} {[%emt 00:00:19]} axb4 {[%clk 00:02:11]} {[%emt 00:00:06]} 19. axb4
{[%clk 00:02:06]} {[%emt 00:00:02]} Qb5 {[%clk 00:01:54]} {[%emt 00:00:20]} 20.
Rd1 {[%clk 00:02:06]} {[%emt 00:00:03]} Ra2+ {[%clk 00:01:54]} {[%emt
00:00:04]} 21. Rb2 {[%clk 00:02:06]} {[%emt 00:00:03]} Rxb2+ {[%clk 00:01:47]}
{[%emt 00:00:09]} 22. Bxb2 {[%clk 00:02:02]} {[%emt 00:00:07]} Qb7 {[%clk
00:01:43]} {[%emt 00:00:07]} 23. Qd2 {[%clk 00:01:53]} {[%emt 00:00:12]} O-O
{[%clk 00:01:39]} {[%emt 00:00:07]} 24. Bc3 {[%clk 00:01:55]} Rd8 {[%clk
00:01:34]} {[%emt 00:00:08]} 25. Qe2 {[%clk 00:01:55]} {[%emt 00:00:03]} h4
{[%clk 00:01:33]} {[%emt 00:00:05]} 26. g4 {[%clk 00:01:50]} {[%emt 00:00:08]}
hxg3+ {[%clk 00:01:16]} {[%emt 00:00:20]} 27. hxg3 Ra8 28. g4 {[%clk 00:01:50]}
{[%emt 00:00:05]} Nh4 {[%clk 00:01:06]} {[%emt 00:00:16]} 29. Qd2 {[%clk
00:01:24]} {[%emt 00:00:29]} Qb5 {[%clk 00:00:47]} {[%emt 00:00:22]} 30. Qe2
{[%clk 00:01:01]} {[%emt 00:00:26]} Qb7 {[%clk 00:00:42]} {[%emt 00:00:09]} 31.
Rh1 {[%clk 00:00:59]} {[%emt 00:00:05]} Ra3 {[%clk 00:00:40]} {[%emt 00:00:05]}
32. g5 {[%clk 00:00:44]} {[%emt 00:00:17]} Ng6 {[%clk 00:00:35]} {[%emt
00:00:07]} 33. Qh5 {[%clk 00:00:46]} Ra2+ {[%clk 00:00:24]} {[%emt 00:00:14]}
34. Ke3 {[%clk 00:00:42]} {[%emt 00:00:08]} Bxc5+ {[%clk 00:00:14]} {[%emt
00:00:13]} 35. bxc5 {[%clk 00:00:30]} {[%emt 00:00:14]} Qb3 {[%clk 00:00:10]}
{[%emt 00:00:07]} 36. Qd1 {[%clk 00:00:28]} {[%emt 00:00:05]} Rc2 {[%clk
00:00:06]} {[%emt 00:00:07]} 37. Qd3 {[%clk 00:00:27]} {[%emt 00:00:04]} Rg2
{[%clk 00:00:05]} {[%emt 00:00:05]} 38. Rb1 {[%clk 00:00:26]} {[%emt 00:00:04]}
Qa2 {[%clk 00:00:06]} {[%emt 00:00:02]} 39. Rb8+ {[%clk 00:00:25]} {[%emt
00:00:04]} Kh7 {[%clk 00:00:06]} {[%emt 00:00:03]} 40. Bd2 {[%clk 00:00:25]}
{[%emt 00:00:03]} Qa1 {[%clk 00:00:06]} {[%emt 00:00:03]} 41. Kf3 {[%clk
00:00:13]} {[%emt 00:00:15]} Nh4+ {[%clk 00:00:06]} {[%emt 00:00:03]} 42. Ke3
{[%clk 00:00:10]} {[%emt 00:00:06]} Nf5+ {[%clk 00:00:04]} {[%emt 00:00:04]} 43.
Kf3 {[%clk 00:00:09]} {[%emt 00:00:03]} Nh4+ {[%clk 00:00:07]} 44. Ke3 {[%clk
00:00:10]} {[%emt 00:00:02]} Nf5+ {[%clk 00:00:07]} {[%emt 00:00:03]} 45. Kf3
{[%clk 00:00:09]} {[%emt 00:00:03]} Nh4+ {[%clk 00:00:09]} {[%emt 00:00:01]}
1/2-1/2

[Event "World Cup 2023 Open"]
[Site "Baku, Azerbaijan"]
[Date "2023.08.04"]
[Round "17.5"]
[White "Daneshvar Bardiya (IRI)"]
[Black "Grischuk Alexander (FID)"]
[Result "1/2-1/2"]
[WhiteFideId "12576468"]
[BlackFideId "4126025"]
[WhiteElo "2577"]
[BlackElo "2736"]

1. c4 {[%clk 00:05:05]} {[%emt 00:00:01]} Nf6 {[%clk 00:05:05]} {[%emt
00:00:01]} 2. Nc3 {[%clk 00:05:07]} {[%emt 00:00:01]} e5 {[%clk 00:05:07]}
{[%emt 00:00:01]} 3. Nf3 {[%clk 00:05:09]} {[%emt 00:00:01]} Nc6 {[%clk
00:05:09]} 4. e3 {[%clk 00:05:10]} {[%emt 00:00:02]} Bb4 {[%clk 00:05:10]}
{[%emt 00:00:01]} 5. Qc2 {[%clk 00:05:12]} {[%emt 00:00:02]} O-O {[%clk
00:05:11]} {[%emt 00:00:02]} 6. Nd5 {[%clk 00:05:13]} {[%emt 00:00:02]} Re8
{[%clk 00:05:13]} 7. Qf5 {[%clk 00:05:10]} {[%emt 00:00:06]} d6 {[%clk
00:05:12]} {[%emt 00:00:04]} 8. Nxf6+ {[%clk 00:05:08]} {[%emt 00:00:05]} gxf6
{[%clk 00:05:14]} {[%emt 00:00:01]} 9. Qh5 {[%clk 00:05:08]} {[%emt 00:00:03]}
e4 {[%clk 00:05:15]} {[%emt 00:00:02]} 10. Rg1 {[%clk 00:05:04]} {[%emt
00:00:06]} d5 {[%clk 00:04:37]} {[%emt 00:00:42]} 11. a3 {[%clk 00:04:57]}
{[%emt 00:00:11]} Bf8 {[%clk 00:04:31]} {[%emt 00:00:08]} 12. d4 {[%clk
00:04:45]} {[%emt 00:00:14]} Bg7 {[%clk 00:03:43]} {[%emt 00:00:51]} 13. Nh4
{[%clk 00:03:56]} {[%emt 00:00:53]} Ne7 {[%clk 00:03:19]} {[%emt 00:00:27]} 14.
g4 {[%clk 00:03:25]} {[%emt 00:00:34]} Be6 {[%clk 00:03:14]} {[%emt 00:00:08]}
15. Nf5 {[%clk 00:02:29]} {[%emt 00:00:59]} dxc4 {[%clk 00:03:15]} {[%emt
00:00:02]} 16. Rg3 {[%clk 00:02:00]} {[%emt 00:00:32]} Qd5 {[%clk 00:03:03]}
{[%emt 00:00:15]} 17. Nxg7 {[%clk 00:01:51]} {[%emt 00:00:12]} Kxg7 {[%clk
00:03:02]} {[%emt 00:00:05]} 18. g5 {[%clk 00:01:53]} Kh8 {[%clk 00:02:29]}
{[%emt 00:00:36]} 19. Qh6 {[%clk 00:00:55]} {[%emt 00:01:01]} Ng8 {[%clk
00:02:31]} 20. Qh4 {[%clk 00:00:56]} {[%emt 00:00:02]} Ne7 {[%clk 00:02:25]}
{[%emt 00:00:09]} 21. Qh6 {[%clk 00:00:16]} {[%emt 00:00:43]} Ng8 {[%clk
00:02:27]} {[%emt 00:00:01]} 22. Qh4 {[%clk 00:00:17]} {[%emt 00:00:02]} Ne7
{[%clk 00:02:19]} {[%emt 00:00:11]} 23. Qh6 {[%clk 00:00:07]} {[%emt 00:00:13]}
1/2-1/2

[Event "World Cup 2023 Open"]
[Site "Baku, Azerbaijan"]
[Date "2023.08.04"]
[Round "17.7"]
[White "Vidit Santosh Gujrathi (IND)"]
[Black "Mastrovasilis Dimitrios (GRE)"]
[Result "1-0"]
[WhiteFideId "5029465"]
[BlackFideId "4202694"]
[WhiteElo "2719"]
[BlackElo "2587"]

1. e4 {[%clk 00:05:05]} c5 {[%clk 00:05:04]} {[%emt 00:00:02]} 2. Nf3 {[%clk
00:05:06]} {[%emt 00:00:02]} e6 {[%clk 00:05:06]} {[%emt 00:00:01]} 3. Nc3
{[%clk 00:05:07]} {[%emt 00:00:03]} a6 {[%clk 00:05:06]} {[%emt 00:00:03]} 4.
Be2 {[%clk 00:05:09]} b5 {[%clk 00:05:06]} {[%emt 00:00:03]} 5. O-O {[%clk
00:05:10]} {[%emt 00:00:02]} Bb7 {[%clk 00:05:07]} {[%emt 00:00:03]} 6. d4
{[%clk 00:05:10]} {[%emt 00:00:02]} cxd4 {[%clk 00:05:08]} {[%emt 00:00:02]} 7.
Qxd4 {[%clk 00:05:12]} {[%emt 00:00:01]} Nc6 {[%clk 00:05:05]} {[%emt
00:00:07]} 8. Qe3 {[%clk 00:05:13]} {[%emt 00:00:01]} Qc7 {[%clk 00:05:04]}
{[%emt 00:00:04]} 9. Rd1 {[%clk 00:05:12]} {[%emt 00:00:05]} Ne5 {[%clk
00:05:00]} {[%emt 00:00:07]} 10. Nxe5 {[%clk 00:04:29]} {[%emt 00:00:45]} Qxe5
{[%clk 00:05:01]} {[%emt 00:00:02]} 11. Qb6 {[%clk 00:04:19]} {[%emt 00:00:13]}
Bc6 {[%clk 00:05:02]} {[%emt 00:00:02]} 12. Be3 {[%clk 00:04:18]} {[%emt
00:00:05]} Nf6 {[%clk 00:05:01]} {[%emt 00:00:03]} 13. Bd4 {[%clk 00:03:20]}
{[%emt 00:01:01]} Qb8 {[%clk 00:05:02]} {[%emt 00:00:03]} 14. Qxb8+ {[%clk
00:03:06]} {[%emt 00:00:17]} Rxb8 {[%clk 00:05:03]} {[%emt 00:00:01]} 15. e5
{[%clk 00:02:53]} {[%emt 00:00:16]} Nd5 {[%clk 00:04:04]} {[%emt 00:01:01]} 16.
Nxd5 {[%clk 00:02:54]} {[%emt 00:00:03]} Bxd5 {[%clk 00:04:05]} {[%emt
00:00:02]} 17. a4 {[%clk 00:02:54]} {[%emt 00:00:03]} Be7 {[%clk 00:03:52]}
{[%emt 00:00:16]} 18. axb5 {[%clk 00:02:42]} {[%emt 00:00:15]} axb5 {[%clk
00:03:53]} {[%emt 00:00:01]} 19. Ra7 {[%clk 00:01:57]} {[%emt 00:00:48]} h5
{[%clk 00:01:29]} {[%emt 00:02:27]} 20. Be3 {[%clk 00:01:37]} {[%emt 00:00:23]}
h4 {[%clk 00:00:35]} {[%emt 00:00:57]} 21. Bf3 {[%clk 00:01:20]} {[%emt
00:00:20]} Bxf3 {[%clk 00:00:10]} {[%emt 00:00:29]} 22. Rdxd7 {[%clk 00:01:02]}
{[%emt 00:00:21]} Bh5 {[%clk 00:00:05]} {[%emt 00:00:08]} 23. Rxe7+ {[%clk
00:01:02]} {[%emt 00:00:03]} Kf8 {[%clk 00:00:07]} 24. Reb7 {[%clk 00:00:35]}
{[%emt 00:00:29]} Rd8 {[%clk 00:00:09]} {[%emt 00:00:01]} 25. h3 {[%clk
00:00:25]} {[%emt 00:00:14]} Kg8 {[%clk 00:00:09]} {[%emt 00:00:09]} 26. Rxb5
{[%clk 00:00:18]} Bg6 27. Rc5 {[%clk 00:00:16]} {[%emt 00:00:14]} Rh5 28. Kh2
{[%emt 00:00:11]} Kh7 {[%clk 00:00:04]} {[%emt 00:00:01]} 29. b4 {[%clk
00:00:15]} {[%emt 00:00:04]} Rd1 {[%clk 00:00:05]} {[%emt 00:00:02]} 30. b5
{[%clk 00:00:15]} {[%emt 00:00:04]} Rb1 {[%clk 00:00:05]} {[%emt 00:00:02]} 31.
Ra3 {[%clk 00:00:06]} {[%emt 00:00:11]} Be4 {[%clk 00:00:07]} {[%emt 00:00:01]}
32. Rb3 {[%clk 00:00:06]} {[%emt 00:00:03]} Rxb3 {[%clk 00:00:06]} {[%emt
00:00:04]} 33. cxb3 {[%clk 00:00:08]} Kg6 {[%clk 00:00:08]} 34. b6 {[%clk
00:00:09]} {[%emt 00:00:03]} Rh8 {[%clk 00:00:10]} 35. Rc7 {[%clk 00:00:06]}
{[%emt 00:00:06]} Rb8 {[%clk 00:00:12]} {[%emt 00:00:01]} 36. Rc4 {[%clk
00:00:08]} {[%emt 00:00:01]} Kf5 {[%clk 00:00:13]} {[%emt 00:00:02]} 37. f3
{[%clk 00:00:10]} {[%emt 00:00:01]} Bd5 {[%clk 00:00:13]} {[%emt 00:00:03]} 38.
Rf4+ {[%clk 00:00:10]} {[%emt 00:00:03]} Kxe5 {[%clk 00:00:13]} {[%emt
00:00:04]} 39. Rxf7 {[%clk 00:00:11]} {[%emt 00:00:01]} Rc8 {[%clk 00:00:11]}
{[%emt 00:00:05]} 40. b7 {[%clk 00:00:10]} {[%emt 00:00:04]} 1-0

[Event "World Cup 2023 Open"]
[Site "Baku, Azerbaijan"]
[Date "2023.08.04"]
[Round "17.18"]
[White "Bartel Mateusz (POL)"]
[Black "Donchenko Alexander (GER)"]
[Result "1-0"]
[WhiteFideId "1112635"]
[BlackFideId "24603295"]
[WhiteElo "2614"]
[BlackElo "2668"]

1. e4 {[%clk 00:05:05]} c5 {[%clk 00:05:05]} {[%emt 00:00:01]} 2. Nf3 {[%clk
00:05:06]} {[%emt 00:00:01]} d6 {[%clk 00:05:08]} {[%emt 00:00:01]} 3. Nc3
{[%clk 00:05:08]} Nf6 {[%clk 00:05:10]} {[%emt 00:00:01]} 4. d4 {[%clk
00:05:10]} cxd4 {[%clk 00:05:11]} {[%emt 00:00:01]} 5. Qxd4 {[%clk 00:05:12]}
{[%emt 00:00:02]} Nc6 {[%clk 00:05:11]} {[%emt 00:00:04]} 6. Qd3 {[%clk
00:05:13]} g6 {[%clk 00:05:11]} {[%emt 00:00:03]} 7. Nd5 {[%clk 00:05:15]}
{[%emt 00:00:01]} Bg7 {[%clk 00:05:06]} {[%emt 00:00:09]} 8. c3 {[%clk
00:05:17]} {[%emt 00:00:01]} O-O {[%clk 00:05:01]} {[%emt 00:00:07]} 9. Bg5
{[%clk 00:05:18]} {[%emt 00:00:01]} Nxd5 {[%clk 00:04:40]} {[%emt 00:00:25]} 10.
exd5 {[%clk 00:05:20]} {[%emt 00:00:01]} Ne5 {[%clk 00:04:38]} {[%emt
00:00:06]} 11. Nxe5 {[%clk 00:05:21]} {[%emt 00:00:02]} Bxe5 {[%clk 00:04:39]}
{[%emt 00:00:01]} 12. Be2 {[%clk 00:05:19]} {[%emt 00:00:05]} Bf5 {[%clk
00:04:25]} {[%emt 00:00:16]} 13. Qd2 {[%clk 00:05:16]} {[%emt 00:00:06]} Rb8
{[%clk 00:04:18]} {[%emt 00:00:10]} 14. g4 {[%clk 00:05:05]} {[%emt 00:00:13]}
Bd7 {[%clk 00:04:13]} {[%emt 00:00:08]} 15. h4 {[%clk 00:05:07]} {[%emt
00:00:01]} Bf6 {[%clk 00:02:56]} {[%emt 00:01:20]} 16. h5 {[%clk 00:04:05]}
{[%emt 00:01:05]} Bxg5 {[%clk 00:02:53]} {[%emt 00:00:06]} 17. Qxg5 {[%clk
00:04:06]} {[%emt 00:00:02]} e5 {[%clk 00:02:55]} 18. Qe3 {[%clk 00:03:59]}
{[%emt 00:00:10]} a6 {[%clk 00:02:23]} {[%emt 00:00:36]} 19. Kd2 {[%clk
00:03:12]} {[%emt 00:00:50]} Qe7 {[%clk 00:02:05]} {[%emt 00:00:22]} 20. g5
{[%clk 00:03:02]} {[%emt 00:00:13]} Bf5 {[%clk 00:01:58]} {[%emt 00:00:09]} 21.
Rh4 {[%clk 00:03:01]} {[%emt 00:00:04]} b5 {[%clk 00:01:50]} {[%emt 00:00:11]}
22. Rah1 {[%clk 00:03:02]} {[%emt 00:00:02]} Qb7 {[%clk 00:01:43]} {[%emt
00:00:11]} 23. Bf3 {[%clk 00:01:50]} {[%emt 00:01:14]} e4 {[%clk 00:01:37]}
{[%emt 00:00:09]} 24. Bxe4 {[%clk 00:01:43]} {[%emt 00:00:10]} Rfe8 {[%clk
00:01:11]} {[%emt 00:00:29]} 25. Qd4 {[%clk 00:00:53]} {[%emt 00:00:52]} Re5
{[%clk 00:00:48]} {[%emt 00:00:28]} 26. f3 {[%clk 00:00:53]} {[%emt 00:00:02]}
Qe7 {[%clk 00:00:50]} {[%emt 00:00:02]} 27. Bxf5 {[%clk 00:00:37]} {[%emt
00:00:19]} Qxg5+ {[%clk 00:00:38]} {[%emt 00:00:15]} 28. f4 {[%clk 00:00:32]}
{[%emt 00:00:08]} Qg2+ {[%clk 00:00:38]} {[%emt 00:00:04]} 29. Kc1 {[%clk
00:00:31]} {[%emt 00:00:04]} Rxf5 {[%clk 00:00:07]} {[%emt 00:00:34]} 30. hxg6
{[%clk 00:00:32]} {[%emt 00:00:01]} f6 {[%clk 00:00:04]} {[%emt 00:00:06]} 31.
gxh7+ {[%clk 00:00:11]} {[%emt 00:00:24]} Kh8 {[%clk 00:00:07]} 32. Rg1 {[%clk
00:00:08]} {[%emt 00:00:06]} Qxd5 {[%clk 00:00:06]} {[%emt 00:00:04]} 33. Qa7
{[%clk 00:00:09]} {[%emt 00:00:02]} 1-0

[Event "World Cup 2023 Open"]
[Site "Baku, Azerbaijan"]
[Date "2023.08.04"]
[Round "17.24"]
[White "Guseinov Gadir (AZE)"]
[Black "Bjerre Jonas Buhl (DEN)"]
[Result "1-0"]
[WhiteFideId "13401378"]
[BlackFideId "1444948"]
[WhiteElo "2661"]
[BlackElo "2624"]

1. e4 {[%clk 00:05:00]} {[%emt 00:00:05]} e5 {[%clk 00:05:05]} {[%emt
00:00:01]} 2. Nf3 {[%clk 00:05:01]} {[%emt 00:00:02]} Nc6 {[%clk 00:05:07]}
{[%emt 00:00:01]} 3. d4 {[%clk 00:05:02]} {[%emt 00:00:02]} exd4 {[%clk
00:05:08]} {[%emt 00:00:02]} 4. Bc4 {[%clk 00:05:04]} {[%emt 00:00:01]} Nf6
{[%clk 00:05:10]} {[%emt 00:00:02]} 5. e5 {[%clk 00:05:06]} {[%emt 00:00:01]}
Ne4 {[%clk 00:05:11]} {[%emt 00:00:01]} 6. Qe2 {[%clk 00:05:02]} {[%emt
00:00:08]} Nc5 {[%clk 00:05:13]} {[%emt 00:00:02]} 7. c3 {[%clk 00:05:01]}
{[%emt 00:00:03]} d3 {[%clk 00:05:11]} {[%emt 00:00:04]} 8. Qe3 {[%clk
00:05:00]} {[%emt 00:00:05]} Be7 {[%clk 00:05:09]} {[%emt 00:00:05]} 9. O-O
{[%clk 00:04:58]} {[%emt 00:00:04]} O-O {[%clk 00:04:39]} {[%emt 00:00:34]} 10.
b4 {[%clk 00:04:53]} {[%emt 00:00:08]} Ne6 {[%clk 00:04:37]} {[%emt 00:00:04]}
11. Rd1 {[%clk 00:04:49]} {[%emt 00:00:07]} d6 {[%clk 00:04:16]} {[%emt
00:00:24]} 12. Bxd3 {[%clk 00:04:42]} {[%emt 00:00:10]} Bd7 {[%clk 00:03:58]}
{[%emt 00:00:22]} 13. Bc2 {[%clk 00:04:27]} {[%emt 00:00:18]} g6 {[%clk
00:03:45]} {[%emt 00:00:16]} 14. exd6 {[%clk 00:04:05]} {[%emt 00:00:24]} cxd6
{[%clk 00:03:45]} {[%emt 00:00:04]} 15. Nbd2 {[%clk 00:03:59]} {[%emt
00:00:09]} Qc7 {[%clk 00:03:43]} {[%emt 00:00:04]} 16. Ne4 {[%clk 00:03:51]}
{[%emt 00:00:11]} Rfe8 {[%clk 00:03:18]} {[%emt 00:00:29]} 17. Qh6 {[%clk
00:03:17]} {[%emt 00:00:37]} Ne5 {[%clk 00:02:59]} {[%emt 00:00:22]} 18. Nfg5
{[%clk 00:02:07]} {[%emt 00:01:13]} Nf8 {[%clk 04:04:15]} {[%emt 00:00:18]} 19.
Bb3 {[%clk 00:02:00]} {[%emt 00:00:10]} Bf5 {[%clk 00:02:35]} {[%emt 00:00:12]}
20. Bf4 {[%clk 00:01:45]} {[%emt 00:00:18]} Nc4 {[%clk 00:02:18]} {[%emt
00:00:20]} 21. Rxd6 {[%clk 00:01:06]} {[%emt 00:00:42]} Bxe4 {[%clk 00:01:56]}
{[%emt 00:00:24]} 22. Rxg6+ {[%clk 00:01:00]} {[%emt 00:00:09]} hxg6 {[%clk
00:01:46]} {[%emt 00:00:13]} 23. Bxc7 {[%clk 00:01:01]} {[%emt 00:00:02]} Bxg5
{[%clk 00:01:43]} {[%emt 00:00:06]} 24. Qxg5 {[%clk 00:01:02]} {[%emt
00:00:02]} Ne6 {[%clk 00:01:44]} {[%emt 00:00:03]} 25. Qf6 {[%clk 00:00:52]}
{[%emt 00:00:13]} Nxc7 {[%clk 00:01:14]} {[%emt 00:00:33]} 26. Bxc4 {[%clk
00:00:54]} {[%emt 00:00:01]} Nd5 {[%clk 00:01:09]} {[%emt 00:00:08]} 27. Qd4
{[%clk 00:00:44]} {[%emt 00:00:12]} Nb6 {[%clk 00:01:11]} {[%emt 00:00:02]} 28.
Bb3 {[%clk 00:00:44]} {[%emt 00:00:03]} Rad8 {[%clk 00:01:11]} {[%emt
00:00:02]} 29. Qf6 {[%clk 00:00:36]} {[%emt 00:00:11]} Nd5 {[%clk 00:01:10]}
{[%emt 00:00:04]} 30. Bxd5 {[%clk 00:00:30]} {[%emt 00:00:09]} Rxd5 {[%clk
00:01:02]} {[%emt 00:00:11]} 31. h4 {[%clk 00:00:20]} {[%emt 00:00:13]} Rf5
{[%clk 00:01:01]} {[%emt 00:00:03]} 32. Qd4 {[%clk 00:00:22]} {[%emt 00:00:01]}
Bc6 {[%clk 00:01:01]} {[%emt 00:00:03]} 33. Qd2 {[%clk 00:00:15]} {[%emt
00:00:10]} Re4 {[%clk 00:01:00]} {[%emt 00:00:03]} 34. Re1 {[%clk 00:00:10]}
{[%emt 00:00:08]} Rd5 {[%clk 00:01:02]} {[%emt 00:00:01]} 35. Qc1 {[%clk
00:00:09]} {[%emt 00:00:04]} Rxh4 {[%clk 00:01:02]} {[%emt 00:00:03]} 36. c4
{[%clk 00:00:09]} {[%emt 00:00:03]} Rdh5 {[%clk 00:01:02]} {[%emt 00:00:03]} 37.
f3 {[%clk 00:00:10]} {[%emt 00:00:02]} a6 {[%clk 00:01:00]} {[%emt 00:00:05]}
38. Kf2 {[%clk 00:00:12]} Rd4 {[%clk 00:00:59]} {[%emt 00:00:03]} 39. Qc3
{[%clk 00:00:13]} {[%emt 00:00:02]} Rhh4 {[%clk 00:01:00]} {[%emt 00:00:02]} 40.
Rc1 {[%clk 00:00:11]} {[%emt 00:00:05]} Rd8 {[%clk 00:00:57]} {[%emt 00:00:06]}
41. a3 {[%clk 00:00:10]} {[%emt 00:00:04]} Rhd4 {[%clk 00:00:59]} 42. Re1
{[%clk 00:00:13]} Rd3 {[%clk 00:00:58]} {[%emt 00:00:05]} 43. Qf6 {[%clk
00:00:14]} {[%emt 00:00:01]} R3d6 {[%clk 00:00:59]} {[%emt 00:00:02]} 44. Qa1
{[%clk 00:00:13]} {[%emt 00:00:04]} Rd2+ {[%clk 00:01:00]} {[%emt 00:00:03]} 45.
Kg3 {[%clk 00:00:14]} {[%emt 00:00:02]} R2d4 {[%clk 00:01:00]} {[%emt
00:00:04]} 46. Rh1 {[%clk 00:00:13]} {[%emt 00:00:04]} R8d7 {[%clk 00:00:41]}
{[%emt 00:00:21]} 47. a4 {[%clk 00:00:14]} {[%emt 00:00:02]} b6 {[%clk
00:00:29]} {[%emt 00:00:16]} 48. b5 {[%clk 00:00:15]} {[%emt 00:00:01]} axb5
{[%clk 00:00:30]} {[%emt 00:00:02]} 49. axb5 {[%clk 00:00:14]} {[%emt
00:00:04]} Bb7 {[%clk 00:00:32]} {[%emt 00:00:02]} 50. Qc1 {[%clk 00:00:14]}
{[%emt 00:00:03]} Kf8 {[%clk 00:00:29]} {[%emt 00:00:05]} 51. Qg5 {[%clk
00:00:11]} {[%emt 00:00:05]} Kg7 {[%clk 00:00:20]} {[%emt 00:00:12]} 52. Qe5+
{[%clk 00:00:14]} f6 {[%clk 00:00:22]} 53. Qe8 {[%clk 00:00:15]} {[%emt
00:00:02]} f5 {[%clk 00:00:17]} {[%emt 00:00:09]} 54. Qh8+ {[%clk 00:00:12]}
{[%emt 00:00:05]} Kf7 {[%clk 00:00:19]} 55. Rh7+ {[%clk 00:00:15]} Ke6 {[%clk
00:00:21]} {[%emt 00:00:02]} 56. Qe8+ {[%clk 00:00:17]} 1-0